01127nam a22002657a 450000500170000001000220001702000110003903500140005003700090006408200150007310000260008824501110011425000060022526001470023127000520037830000210043049000100045150001240046150500230058570000330060870000310064194200290067299900190070195201410072020240910114435.0 aENG-141707  c110.00 aEN-125239 bDBAD a954.040924 aAmbedkar, B.R.971376 aDr. BABASAHEB AMBEDKAR WRITINGS AND SPEECHES/cBy B.R.Ambedkar; Comp.by Vasant moon; Edited by Hari Narake a2 aMumbaibMember of Secretary, Dr. Ambedkar, Mahatma Phile, Rajarshi Shahu Source Material Publication Commitee, Government of Maharastra c2005 aBarrack No. 18, Opp Mantralaya bMumbaie400021 a803p.:b25cm(hb) vVol 2 aVol-2,Dr.Ambedkar in Bombay Legislative,Dr. Ambedkar with Simon Commission,Dr. Ambedkar at the Round Table Confernce.  aBibliography,Index aVasant MooneCompiled971374 aHari NarakeeEditor971375 2ddccENmBABh954.040924 c205742d205742 00103VOL-240708NFICaBNbBNd2024-09-10eDBADg110.00l0o 954.040924 BABpEN-125239r2024-09-10 00:00:00t1v110.00w2024-09-10yEN